Gorilla Tag Maps (Updated 2025) - Statistics

General Stats
  • This quiz has been taken 166 times
    157 since last reset
  • The average score is 11 of 20
Answer Stats
Map Answer % Correct
Map 1 Forest
100%
Map 3 Canyons
92%
Map 4 City
92%
Map 8 Beach
91%
Map 2 Caves
88%
Map 5 Mountains
87%
Map 6 Clouds
71%
Map 7 Basement
64%
Map 10 Arcade
58%
Map 9 Metropolis
54%
Rotating Map 1 Swamp
52%
Map 13 Mines
49%
Rotating Map 5 OG Caves
44%
Map 12 Monkeblocks
43%
Map 11 Bayou
26%
Rotating Map 2 Pyramid
18%
Rotating Map 3 Taiga
10%
Rotating Map 7 Nucleus
8%
Rotating Map 4 Early Caves
2%
Rotating Map 6 Ghost Lab Caves
1%
No matching quizzes found
Score Distribution
Percent of People with Each Score
Percentile by Number Answered
Your Score History
You have not taken this quiz since the last reset